Animals (Record no. 32784)

MARC details
000 -LEADER
fixed length control field 00272nam a2200121Ia 4500
082 ## - DEWEY DECIMAL CLASSIFICATION NUMBER
Classification number 059
Item number BOO
100 ## - MAIN ENTRY--AUTHOR NAME
Personal name Boorer, Michael
245 #0 - TITLE STATEMENT
Title Animals
260 ## - PUBLICATION, DISTRIBUTION, ETC. (IMPRINT)
Place of publication London
Name of publisher Macmillan
Year of publication 1978
650 ## - SUBJECT ADDED ENTRY--TOPICAL TERM
Topical Term Animals
942 ## - ADDED ENTRY ELEMENTS (KOHA)
Koha item type Books
Holdings
Withdrawn status Lost status Damaged status Not for loan Home library Current library Date acquired Full call number Accession Number Koha item type
        RRII Library RRII Library 16/12/2021 059 BOO 13287 Books